000 02275nam a22002657a 4500
003 OSt
005 20250930105628.0
008 250929t |||d|||| |||| 00| 0 spa d
020 _a9686403213
037 _bDonación
040 _aCO-JMCR
_bspa
_cCO-JMCR
_dCO-JMCR
_erda
041 0 _aspa
082 0 4 _223
_a337.091
_bE77r
100 1 _aEspinoza Valle, Víctor Alejandro,
_d1958 -
_eautor
_944379
245 1 0 _aReforma del Estado y Empleo Público /
_cVíctor Alejandro Espinoza Valle.
250 _aPrimera Edición.
260 _aMéxico:
_bInstituto Nacional de Administración Pública,
_c1993.
300 _a380 páginas :
_bGraficas ;
_c23 cm.
504 _aBibliografía : páginas 343-380
505 _aLa reforma del estado mexicano nueva epoca -- El empleo en el sector público mexicano -- La organización corporativa de la burocracia -- Relaciones laborales y conflictos en el sector público de baja California
520 _aEl libro Reforma del Estado y empleo público es resultado de una investigación sobre la “autorreforma” del Estado, esto es, el redimensionamiento del personal burocrático como parte de la modernización política en México. Este trabajo, distinguido con el Premio INAP 1992, ofrece un análisis a nivel federal y estatal del empleo público central y su relación con el sistema de representación sindical de los trabajadores al servicio del Estado, así como las especificidades del fenómeno para el caso de Baja California. Para ello el autor, Víctor Alejandro Espinoza Valle, investigador de El Colegio de la Frontera Norte (EL COLEF), logra reunir una vasta información cuantitativa y cualitativa, tanto de fuentes primarias como secundarias, cuya exposición y tratamiento resultan claros y exhaustivos. Por lo anterior, el jurado del Premio INAP tuvo el acierto de galardonar esta valiosa investigación, que ahora se da a conocer como un útil instrumento de estudio para los analistas de la administración pública en sus procesos actuales, con la seguridad de impulsar así el desarrollo de serias y sólidas investigaciones en la materia.
650 2 4 _2JMCR
_aPolíticas públicas
_xreformas
_zMéxico
_944380
650 2 4 _2JMCR
_aEconomía internacional
_xreformas
_zMéxico
_944381
942 _2ddc
_cBK
999 _c31097
_d17481